| 000 | 02108nam a22005177a 4500 | ||
|---|---|---|---|
| 001 | 0008368 | ||
| 003 | KOHA_MİRAKIL | ||
| 005 | 20260207001631.0 | ||
| 007 | ta | ||
| 008 | 091009b2001 tu |||gr||||#||||0|tur | | ||
| 020 |
_a9751613892 _cTL20 |
||
| 040 |
_aTR-BiSEU _btur _cTR-BiSEU _erda |
||
| 041 | 0 | _atur | |
| 044 | _ctu | ||
| 050 |
_aCD5344 _b.O94 2001 |
||
| 100 | 1 | _aÖzgüç, Nimet. | |
| 240 | 1 | 0 |
_asealed and inscribed clay bullae _lTürkçe |
| 245 | 1 |
_aKültepe-Kaniš : _bmühürlü ve yazıtlı kil bullalar = _bsealed and inscribed clay bullae/ _cNimet Özgüç ; N. Özgüç, Ö. Tunca. |
|
| 264 | 1 |
_aAnkara : _bTürk Tarih Kurumu _c2001 |
|
| 300 | _aXXXIV, 520 sayfa: resimli; 32 cm. | ||
| 336 |
_ametin _btxt _2rdacontent |
||
| 337 |
_aaracısız _bn _2rdamedia |
||
| 338 |
_acilt _bnc _2rdacarrier |
||
| 490 | 1 |
_aAtatürk Kültür,Dil ve Tarih Yüksek Kurumu Türk Tarih Kurumu Yayınları ; _vV. |
|
| 490 | 1 | _adizi- sayı 48. | |
| 650 | 0 |
_aSeals (Numismatics)--Turkey. _920783 |
|
| 650 | 0 |
_aSeals (Numismatics)--Turkey--Catalogs. _920784 |
|
| 650 | 0 |
_aCylinder seals--Turkey. _920785 |
|
| 650 | 0 |
_aCylinder seals--Turkey--Catalogs. _920786 |
|
| 650 | 0 |
_aExcavations (Archaeology)--Turkey--Kanesh (Extinct city) _920787 |
|
| 650 | 0 |
_aKanesh (Extinct city)--Antiquities. _920799 |
|
| 650 | 0 |
_aKanesh (Extinct city)--Antiquities--Catalogs. _920800 |
|
| 650 | 0 |
_aTurkey--Antiquities. _914452 |
|
| 650 | 0 |
_aTurkey--Antiquities--Catalogs. _920790 |
|
| 650 | 0 |
_aKaniş (Antik kent) _920791 |
|
| 650 | 0 |
_aSilindir mühürler-- Türkiye _920792 |
|
| 650 | 0 |
_aMühürler (Nümizmatik)-- Türkiye _920793 |
|
| 650 | 0 |
_aSilindir mühürler-- Türkiye-- Kataloglar _920794 |
|
| 650 | 0 |
_aMühürler (Nümizmatik)--Türkiye--Kataloglar _920795 |
|
| 650 | 0 |
_aKazılar (Arkeoloji)--Türkiye--Kaniş (Antik kent) _920796 |
|
| 650 | 0 |
_aTürkiye--Eski eserler _914459 |
|
| 650 | 0 |
_aKaniş (Antik kent)--Kataloglar _920797 |
|
| 830 | 1 |
_aAtatürk Kültür,Dil ve Tarih Yüksek Kurumu Türk Tarih Kurumu Yayınları ; _vV. _914135 |
|
| 830 | 1 |
_adizi- sayı 48. _920801 |
|
| 942 |
_2lcc _cBK |
||
| 999 |
_c8340 _d8340 |
||